000 00296pab a2200121 454500
008 180718b1989 xxu||||| |||| 00| 0 eng d
245 _aSpecial issue on managing the environment
260 _c1989
300 _a1-184
650 _aEnvironment
773 _aJournal of Social Issues
909 _a7707
999 _c7707
_d7707